A look at rocks : (Record no. 336725)
[ view plain ]
| 000 -LEADER | |
|---|---|
| fixed length control field | 00431nam a2200181Ia 4500 |
| 008 - FIXED-LENGTH DATA ELEMENTS--GENERAL INFORMATION | |
| fixed length control field | 170705s9999 xx 000 0 und d |
| 020 ## - INTERNATIONAL STANDARD BOOK NUMBER | |
| International Standard Book Number | 9780531186145 |
| 245 #2 - TITLE STATEMENT | |
| Title | A look at rocks : |
| 245 ## - TITLE STATEMENT | |
| Remainder of title | from coal to kimberlite / |
| 245 ## - TITLE STATEMENT | |
| Statement of responsibility, etc | Jo S. Kittinger. |
| 260 ## - PUBLICATION, DISTRIBUTION, ETC. (IMPRINT) | |
| Place of publication, distribution, etc | New York : |
| 260 ## - PUBLICATION, DISTRIBUTION, ETC. (IMPRINT) | |
| Name of publisher, distributor, etc | Scholastic, |
| 260 ## - PUBLICATION, DISTRIBUTION, ETC. (IMPRINT) | |
| Date of publication, distribution, etc | 1997 |
| 300 ## - PHYSICAL DESCRIPTION | |
| Extent | 63 pages : |
| 300 ## - PHYSICAL DESCRIPTION | |
| Other physical details | color illustration ; |
| 300 ## - PHYSICAL DESCRIPTION | |
| Dimensions | 22cm. |
| 500 ## - GENERAL NOTE | |
| General note | 920 |
No items available.